Online
Catalog

Plan nacional para soberanía y seguridad alimentaria y nutricional : (Record no. 53129)

MARC details
000 -CABECERA
campo de control de longitud fija 01503nam a22002897a 4500
003 - IDENTIFICADOR DEL NÚMERO DE CONTROL
campo de control DO-SdBNP
005 - FECHA Y HORA DE LA ÚLTIMA TRANSACCIÓN
campo de control 20250515094859.0
007 - CAMPO FIJO DE DESCRIPCIÓN FÍSICA--INFORMACIÓN GENERAL
campo de control de longitud fija ta
008 - DATOS DE LONGITUD FIJA--INFORMACIÓN GENERAL
campo de control de longitud fija 230214b 2023|dr||||| ||||f00| 0 spa d
020 ## - NÚMERO INTERNACIONAL ESTÁNDAR DEL LIBRO
Número Internacional Estándar del Libro xxxxxxxxxxxxxxxxxxxxx
040 ## - FUENTE DE LA CATALOGACIÓN
Centro catalogador/agencia de origen DO-SdBNP
Lengua de catalogación spa
Centro/agencia transcriptor BNPHU
082 #4 - NÚMERO DE LA CLASIFICACIÓN DECIMAL DEWEY
Número de clasificación 363.8097293
Número de documento/Ítem R426p
110 1# - ENTRADA PRINCIPAL--NOMBRE DE ENTIDAD CORPORATIVA
Nombre de entidad corporativa o nombre de jurisdicción como elemento de entrada República Dominicana.
9 (RLIN) 447
Unidad subordinada Ministerio de la Presidencia.
245 1# - MENCIÓN DE TÍTULO
Título Plan nacional para soberanía y seguridad alimentaria y nutricional :
Resto del título plan nacional SSAN 2023-2026
Mención de responsabilidad, etc. investigación y redacción, Sandy Susaña Peralta; colaborador, Richard Peralta Decamps; corrección de estilo, Darío Tejeda; fotografías, Organización de las Naciones Unidas para la Alimentación y la Agricultura (FAO)
260 ## - PUBLICACIÓN, DISTRIBUCIÓN, ETC.
Lugar de publicación, distribución, etc. Santo Domingo :
Nombre del editor, distribuidor, etc. Ministerio de la Presidencia :
-- FAO,
Fecha de publicación, distribución, etc. 2023
300 ## - DESCRIPCIÓN FÍSICA
Extensión 154p. :
Otras características físicas il., fots.,grafcs. tabla,
Dimensiones xxx cm.
500 ## - NOTA GENERAL
Nota general Incluye referencias bibliográficas y notas al pie de las páginas
650 #4 - PUNTO DE ACCESO ADICIONAL DE MATERIA--TÉRMINO DE MATERIA
Término de materia o nombre geográfico como elemento de entrada Política nutricional
Subdivisión geográfica República Dominicana
Subdivisión cronológica 2023-2026
9 (RLIN) 83107
650 #4 - PUNTO DE ACCESO ADICIONAL DE MATERIA--TÉRMINO DE MATERIA
Término de materia o nombre geográfico como elemento de entrada Seguridad alimenticia
Subdivisión geográfica República Dominicana
Subdivisión cronológica 2023-2026
9 (RLIN) 83108
650 #0 - PUNTO DE ACCESO ADICIONAL DE MATERIA--TÉRMINO DE MATERIA
Término de materia o nombre geográfico como elemento de entrada Abastecimiento de alimentos
Subdivisión geográfica República Dominicana
Subdivisión cronológica 2023-2026
9 (RLIN) 5254
651 #4 - PUNTO DE ACCESO ADICIONAL DE MATERIA--NOMBRE GEOGRÁFICO
Nombre geográfico República Dominicana
Subdivisión general Política social
Subdivisión cronológica 2023-2026
9 (RLIN) 83110
700 1# - PUNTO DE ACCESO ADICIONAL--NOMBRE DE PERSONA
Nombre de persona Peralta, Sandy Susaña
9 (RLIN) 64456
700 1# - PUNTO DE ACCESO ADICIONAL--NOMBRE DE PERSONA
Nombre de persona Peralta Decamps, Richard
9 (RLIN) 83111
700 1# - PUNTO DE ACCESO ADICIONAL--NOMBRE DE PERSONA
Nombre de persona Tejeda, Darío
9 (RLIN) 2540
710 2# - PUNTO DE ACCESO ADICIONAL--NOMBRE DE ENTIDAD CORPORATIVA
Nombre de entidad corporativa o nombre de jurisdicción como elemento de entrada Organización de las Naciones Unidas para la Alimentación y la Agricultura
9 (RLIN) 83112
942 ## - ELEMENTOS DE PUNTO DE ACCESO ADICIONAL (KOHA)
Fuente del sistema de clasificación o colocación Dewey Decimal Classification
Tipo de ítem Koha Libro

No items available.

Powered by Koha